Pôsobnosť technickej normalizácie v jednotlivých etapách inovačného cyklu záverečná práca postgraduálneho štúdia

Saved in:
Bibliographic Details
Main Author: Kuchař, Jan
Corporate Author: Vysoká škola ekonomická v Bratislave
Other Authors: Roháč, Ján
Format: Book
Language:Slovak
Published: Bratislava 1989
Tags: Add Tag
No Tags, Be the first to tag this record!

MARC

LEADER 00000nam a2200000 4500
001 c027262
005 20221215071145.9
041 0 |a slo 
044 |a SK 
245 1 0 |a Pôsobnosť technickej normalizácie v jednotlivých etapách inovačného cyklu  |b záverečná práca postgraduálneho štúdia  |c Jan Kuchař ; Ved. práce Ján Roháč 
264 1 |a Bratislava  |c 1989 
300 |a 61 s. 
100 1 |a Kuchař, Jan 
700 1 |a Roháč, Ján 
710 2 |a Vysoká škola ekonomická v Bratislave